000 00643nam a2200157 a 4500
008 120416s0000 ||||||||||||||||| || u
020 _a0900488034
050 _aTN 871 Com
100 _aJones, M. J
245 1 0 _aMining and petroleum geology
_cedited by M. J. Jones
246 _aproceedings of the ninth commonwealth mining and metallurgical congress 1969, v. 2
260 _aLondon
_bThe Institution of Mining and Metallurgy
_c1970
300 _axxxvii, 774p. : ill.
350 _a0.00
995 _D0.00
_FCBU-MAIN LIBRARY (Kitwe)
_H1
_I8.00
_UAVAILABLE
_ZAnnex Low-Usage Collection
999 _c51289
_d51289